000 00353nam a2200157Ia 4500
003 0STCL
008 150530s9999 xx 000 0 und d
040 _aSTCL
_cSTCL
100 _aNathaniel Hawthrone
245 _aHawthrone the scarlet letter
260 _c1966
546 _aEnglish
942 _2ddc
_cBK
999 _c67777
_d67777
005 20220125171349.0